<?xml version="1.0" encoding="UTF-8"?>
<marc:record xmlns:marc="http://www.loc.gov/MARC21/slim">
   <marc:leader>00000nam a2200000 a 4500</marc:leader>
   <marc:datafield ind1="1" ind2=" " tag="100">
      <marc:subfield code="a">Belsham, Alison</marc:subfield>
      <marc:subfield code="4">aut</marc:subfield>
      <marc:subfield code="e">Verfasser/-in</marc:subfield>
   </marc:datafield>
   <marc:datafield ind1="0" ind2="0" tag="245">
      <marc:subfield code="a">Der Tattoosammler</marc:subfield>
   </marc:datafield>
   <marc:datafield ind1="0" ind2="0" tag="245">
      <marc:subfield code="b">Thriller</marc:subfield>
   </marc:datafield>
   <marc:datafield ind1="0" ind2="0" tag="245">
      <marc:subfield code="c">Alison Belsham</marc:subfield>
   </marc:datafield>
   <marc:datafield ind1=" " ind2="1" tag="264">
      <marc:subfield code="a">München</marc:subfield>
      <marc:subfield code="b">Penguin Verlag</marc:subfield>
      <marc:subfield code="c">2020</marc:subfield>
   </marc:datafield>
   <marc:datafield ind1=" " ind2=" " tag="250">
      <marc:subfield code="a">Deutsche Erstausgabe</marc:subfield>
   </marc:datafield>
   <marc:datafield ind1="1" ind2=" " tag="520">
      <marc:subfield code="a">Angaben aus der Verlagsmeldung

Blutmädchen : Thriller – »Unheimlich und süchtig machend!« Daily Mail The Tattoo Thief / von Alison Belsham

Unheimlich und süchtigmachend ... ein Thriller, der unter die Haut geht!

Als die Tattoo-Künstlerin Marni Mullins in Brighton eine blutige Leiche entdeckt, ist ihr erster Impuls, den schrecklichen Anblick so schnell wie möglich zu vergessen. Doch das ist unmöglich, denn nach einem zweiten grausamen Mord bittet Detective Francis Sullivan sie dringend um Hilfe: Der Serienkiller schneidet seinen Opfern Tattoos vom Leib, und Marnis Kenntnis der Szene ist Francis‘ beste Chance, den brutalen Mörder zu identifizieren. Doch Marni möchte seit einem schlimmen Vorfall in ihrer Vergangenheit nie wieder mit der Polizei zu tun haben – und beschließt, den Tattoo-Sammler selbst zu jagen, bevor ein weiterer Unschuldiger Opfer seiner scharfen Messer wird …

</marc:subfield>
   </marc:datafield>
   <marc:datafield ind1=" " ind2=" " tag="020">
      <marc:subfield code="a">9783328103844</marc:subfield>
      <marc:subfield code="9">9783328103844</marc:subfield>
   </marc:datafield>
   <marc:datafield ind1=" " ind2=" " tag="020">
      <marc:subfield code="a">3328103848</marc:subfield>
      <marc:subfield code="9">3328103848</marc:subfield>
   </marc:datafield>
   <marc:datafield ind1=" " ind2=" " tag="041">
      <marc:subfield code="a">ger</marc:subfield>
   </marc:datafield>
   <marc:datafield ind1=" " ind2=" " tag="300">
      <marc:subfield code="a">491 Seiten</marc:subfield>
   </marc:datafield>
</marc:record>
